12 století církevních dějin

Bibliographic Details
Main Authors: Říčan, Rudolf, 1899-1975 (Author), Molnár, Amedeo, 1923-1990 (Author)
Format: Book
Language:Czech
PhysicalDescription:537, [1] s. 21 cm
Published: Praha Kalich 1990
ISBN:8070170603
Edition:2., revid.vyd.
Series:Studijní texty Komenského evangelické bohoslovecké fakulty v Praze

MARC

LEADER 00000nam a2200000 a 4500
001 vtls001126068
003 SK-MaSNL
005 20260301111636.0
008 250414s1990 CS 0 cze
020 |a 8070170603 
035 |a SNK000068917 
040 |a SNK  |b slo  |c SNK  |e AACR2 
041 0 |a cze 
044 |a [CS] 
080 |a 26/28(091)(075.8)  |2 1981 
100 1 |a Říčan, Rudolf,  |d 1899-1975  |4 aut  |9 111208 
245 1 0 |a 12 století církevních dějin  |c Rudolf Říčan, Amedeo Molnár 
250 |a 2., revid.vyd. 
260 |a Praha  |b Kalich  |c 1990 
300 |a 537, [1] s.  |c 21 cm 
490 0 |a Studijní texty Komenského evangelické bohoslovecké fakulty v Praze 
700 1 |a Molnár, Amedeo,  |d 1923-1990  |4 aut  |9 212066 
852 |a Slovenská národná knižnica 
919 |a 80-7017-060-3 
954 |a dejiny cirkevné 
958 |a OND 
999 |c 707813  |d 709743 
952 |t P60, <04>, [BOOK], {604}  |a SNK  |b SNK  |y VYP  |7 0  |p 17A0020028  |o snkIC 116825  |0 0  |1 0  |4 0  |d 1996-11-22  |l 0  |r 2004-12-31 00:00:00  |w 2026-02-23 
952 |t P60, <04>, [BOOK], {604}  |a SNK  |b SNK  |y VYP  |7 0  |p 17A0026222  |o snkIC 116825 D1  |0 0  |1 1  |4 0  |d 1996-12-07  |l 0  |r 2004-12-31 00:00:00  |w 2026-02-23 
952 |t P60, <04>, [BOOK], {604}  |a SNK  |b SNK  |y VYP  |7 0  |p 17A0238726  |o snkIC 116825 D1  |0 0  |1 1  |4 0  |d 2000-05-16  |l 0  |r 2004-12-31 00:00:00  |w 2026-02-23